000 01071njm a22002777a 4500
005 20100909110752.0
007 sd ammalaaahaa
008 100907t xxu||||| |||| 00| 0 eng d
028 _aN. 2013
_bAngel Records
035 _aGR-01894
040 _aSED/VEN
100 _aMohd Rafi
_918700
245 _aJigri Dost /
_cby Mohd Rafi; music by Anand Bakshi ; lyrics by Laxmikant Pyarelal
246 _aजिगरी दोस्त / मोहम्मद रफ़ी द्वारा
260 _aDam Dam, India
_bAngel Records
300 _a1 Sound Disc [Gramophone Record] :
_banalog.45 rpm
_c7.5 in (SP)
_fGramophone Record
500 _aBrief Record
505 _aSide 1- Mere desh me(मेरे देश में )--Side-2 Raat Suhani(Raat Suhami)(Mohd Rafi)
650 _aClassical Music
_xExcerpts
_zIndia
_918707
700 _918701
_aBakshi, Anand
700 _aPyarelal, Laxmikant
_918729
700 _918702
700 _919401
942 _2ddc
_cGR
999 _c45192
_d45192